000 004340000a22001570004500
090 _aAR
_b01241
245 1 0 _aBiological determinants of species diversity
650 1 4 _aBiogeografía
_992747
650 1 4 _aEvolución
_992797
650 1 4 _aBiodiversidad
_992204
041 0 _aInglés
700 1 _aMark V., Wilson
_994515
100 1 _aShmida, Avi
_994516
942 _cARTICULO
773 1 _tJournal of Biogeography
_3248
_q1-20
_d1985
_g12
999 _c10327
_d10327